000 00479nam a2200181Ia 4500
001 23701
005 20260414150954.0
008 260414t2018||||xx |||||||||||||| ||spa||
041 _aESP
082 _a692.2985
_bH41 2018
100 _aHertz, John B.
_eAUT
245 0 _aArquitectura tropical :
_bdiseño bioclimático de viviendas en la selva del Perú
260 _c2018
300 _a138 páginas :
_c25 cm.
650 _a0
654 _aCIC
942 _cLIB
_dJUS
_fJUS
_2ddc
_n
999 _c23701
_d23701